Rainfall, food abundance and timing of parturition in african bats (Registro nro. 10972)

Detalles MARC
000 -CABECERA
Campo de control 005330000a22001810004500
090 ## - CLASIFICACIÓN LOCAL
Colección AR
Consecutivo 01895
041 0# - IDIOMA
Código de idioma para texto/pista de sonido o título separado
100 1# - ASIENTO PRINCIPAL--NOMBRE PERSONAL
Nombre personal Cumming, Graeme S.
245 10 - MENCION DE TITULO
Título Rainfall, food abundance and timing of parturition in african bats
650 14 - ASIENTO SECUNDARIO DE MATERIA - TERMINO TEMATICO
Término temático o nombre geográfico como elemento de entrada Reproducción animal
650 14 - ASIENTO SECUNDARIO DE MATERIA - TERMINO TEMATICO
Término temático o nombre geográfico como elemento de entrada Murciélagos
650 14 - ASIENTO SECUNDARIO DE MATERIA - TERMINO TEMATICO
Término temático o nombre geográfico como elemento de entrada Hábitos alimentarios
650 14 - ASIENTO SECUNDARIO DE MATERIA - TERMINO TEMATICO
Término temático o nombre geográfico como elemento de entrada Fenología
651 #4 - ASIENTO SECUNDARIO DE MATERIA - NOMBRE GEOGRAFICO
-- Africa
700 1# - ASIENTO SECUNDARIO - NOMBRE PERSONAL
Nombre personal Bernard, R. T. F.
773 1# - Item fuente:
Título Oecologia
Especificación de materiales 80
Descripción física 111
Paginas del Articulo 309-317
Lugar, editorial y fecha de publicación 1997
942 ## - ELEMENTOS ADICIONALES (KOHA)
Tipo de ítem Artículo
Existencias
Withdrawn status Lost status Damaged status No para préstamo Colección Ubicación Permanente Ubicación actual Fecha de adquisición Fuente de Valor Datos de publicación Seriada Total Checkouts Número topográfico Inventario / Código de Barras Date last seen Ejemplar Price effective from Forma de adquisición Tipo de material
      No para Préstamo Hemeroteca Bogotá Bogotá 27/02/2015 Ferreira Miani, Paola Fuera de circulación   AR 01895 012263 25/03/2015 1 25/03/2015   Artículo